000 00423nam a2200205Ia 4500
001 12448
003 GE_BSU
008 181216s||||||||xx |||||||||||||| ||und||
020 _a0007152647
040 _cGE_BSU
080 _a821.111-32
100 _aBurnell,Mark.
245 _aGemini.
260 _aLondon.
260 _bHarper Collins.
260 _c2003
300 _a488p;18cm.
653 _aGemini.
942 _cBK
999 _c45622
_d45622